Emmy Winners for Best Actor in a Drama Series - Statistics

General Stats
  • This quiz has been taken 192 times
    124 since last reset
  • The average score is 24 of 59
Answer Stats
Year Program Actor % Correct
2014 Breaking Bad Bryan Cranston
94%
2010 Breaking Bad Bryan Cranston
94%
2009 Breaking Bad Bryan Cranston
94%
2008 Breaking Bad Bryan Cranston
94%
2016 Mr. Robot Rami Malek
81%
2003 The Sopranos James Gandolfini
76%
2001 The Sopranos James Gandolfini
76%
2000 The Sopranos James Gandolfini
76%
2015 Mad Men Jon Hamm
74%
2023 Succession Kieran Culkin
65%
2006 24 Kiefer Sutherland
63%
2020 Succession Jeremy Strong
56%
1984 Magnum, P.I. Tom Selleck
54%
2013 The Newsroom Jeff Daniels
49%
1990 Columbo Peter Falk
46%
1976 Columbo Peter Falk
46%
1972 Columbo Peter Falk
46%
1986 St. Elsewhere William Daniels
46%
1985 St. Elsewhere William Daniels
46%
2012 Homeland Damian Lewis
43%
2021 The Crown Josh O'Connor
43%
2017 This Is Us Sterling K. Brown
43%
1987 Moonlighting Bruce Willis
42%
1989 In the Heat of the Night Carroll O'Connor
42%
2002 The Shield Michael Chiklis
41%
2007 Boston Legal James Spader
40%
2005 Boston Legal James Spader
40%
2004 The Practice James Spader
40%
1974 Kojak Telly Savalas
36%
1999 NYPD Blue Dennis Franz
35%
1997 NYPD Blue Dennis Franz
35%
1996 NYPD Blue Dennis Franz
35%
1994 NYPD Blue Dennis Franz
35%
2011 Friday Night Lights Kyle Chandler
35%
1980 Lou Grant Ed Asner
34%
1978 Lou Grant Ed Asner
34%
1977 The Rockford Files James Garner
34%
2018 The Americans Matthew Rhys
32%
1998 Homicide: Life on the Street Andre Braugher
31%
2019 Pose Billy Porter
31%
2022 Squid Game Lee Jung-jae
28%
1968 I Spy Bill Cosby
25%
1967 I Spy Bill Cosby
25%
1966 I Spy Bill Cosby
25%
1995 Chicago Hope Mandy Patinkin
25%
1970 Marcus Welby, M.D. Robert Young
21%
1982 Hill Street Blues Daniel J. Travanti
20%
1981 Hill Street Blues Daniel J. Travanti
20%
1975 Baretta Robert Blake
19%
1993 Picket Fences Tom Skerritt
19%
1991 Gabriel's Fire James Earl Jones
18%
1992 Road to Avonlea Christopher Lloyd
16%
2024 Shōgun Hiroyuki Sanada
16%
1973 The Waltons Richard Thomas
15%
1983 St. Elsewhere Ed Flanders
13%
1969 Judd, for the Defense Carl Betz
9%
1971 The Bold Ones: The Senator Hal Holbrook
9%
1988 A Year in the Life Richard Kiley
9%
1979 Kaz Ron Leibman
7%
No matching quizzes found
Score Distribution
Percent of People with Each Score
Percentile by Number Answered
Your Score History
You have not taken this quiz since the last reset